000 00371nam a22001337a 4500
999 _c27297
_d27297
008 231220b ||||| |||| 00| 0 eng d
082 0 0 _a623.8
_bO818
100 _91455
_a Osbourne, Alan.
245 1 0 _aModern Marine Engineer's Manual vol. II
_cAlan Osbourne
260 _aLondon
_bCornell Maritime Press
_c1975
300 _avp
650 0 _aMarine Engineers
942 _cBK